000 00423nam a2200133Ia 4500
008 170516s9999 xx 000 0 und d
245 _aOn-line estimation of physiological states for monitoring and control of bioprocesses
260 _bAIMS Bioengineering
260 _c2017
300 _a:1
650 _xMedical Technology
650 _xMedtech
856 _uhttp://www.aimspress.com/journal/Bioengineering/2017/1.html
999 _c330581
_d330581